000 01141nam a2200289Ia 4500
003 OSt
005 20220923211312.0
006 a|||||r|||| 00| 0
007 ta
008 220922b |||||||| |||| 00| 0 hin d
020 _a9788179758205 (hbk)
_c900
024 _a324,641
037 _b252, 13/03/2018, Shivalik Prakashan
_cTextual
040 _aARTS
_cARTS
_bhin
041 _2hin
_ahin
082 _aO15,3D20x, 152Q7
100 _aशर्मा, कृष्णदत्त, संपा.
245 0 _aपंचतंत्र
_b मानव जीवन का ज्ञानकोष
246 _aPanchatantra: mānav jīvan kā jnyānakoṣha
250 _aसंस्करण 2
260 _aनई दिल्ली
_b अनामिका पब्लिशर्स
_c2017
300 _a431पृ.
_ccm.
650 _a हिन्दी साहित्य
_9156264
650 _aहिन्दी कहानी
942 _hO15,3D20x, 152Q7
_cTEXL
_2CC
999 _c298271
_d298271